000 004690000a22001330004500
090 _aAs
_bSeriadas
245 1 0 _aNotas sobre el nido de Eulaema polychroma (Hymenoptera: Apidae: Euglossini)
246 3 _aNotes on the nest of Eulaema polychroma (Hymenoptera: Apidae: Euglossini)
041 0 _aEspañol
700 1 _aGonzález , Víctor Hugo
_999661
100 1 _aNates Parra, Guiomar
_95315
942 _cARTICULO
773 1 _tActualidades Biológicas
_h72
_q83-90
_d2000
_g22
999 _c15417
_d15417